000 00721nam a2200217Ii 4500
003 JO-AjNU
008 230605s9999||||xx |||||||||||||| ||und||
017 _a2009/6/2377
040 _aJO-AjNU
_bara
_erda
_cJO-AjNU
041 _aara
050 1 4 _aK5223.A99.2009
100 3 _a العزام ، سهيل محمد ,
_eauthor
_911398
245 0 0 _aجريمة غسل الأموال
250 _aط1
264 3 1 _aاربد : سهيل محمد العزام ، 2009
300 _a165ص
_bيشتمل على ملاحق ص (133 - 163)
336 _atext
_btxt
_2rdacontent
337 _aunmediated
_bn
_2rdamedia
338 _avolume
_bnc
_2rdacarrier
650 4 _aالجريمة -- الجرائم الاقتصادية
_911399
999 _aA2305
_c5873
_d5873